[Event "8eme Open International de La Fere"]
[Site "La Fere (FRA)"]
[Date "2009.07.09"]
[Round "7.47"]
[White "Pruvost, Alain"]
[Black "Jimenez, Martin"]
[Result "0-1"]
[WhiteElo "1602"]
[BlackElo "1798"]
[PlyCount "110"]
[EventDate "2009.??.??"]

1. b4 c6 2. c4 Qb6 3. Qb3 a5 4. bxa5 Qxa5 5. Bb2 d6 6. Bc3 Qc7 7. e3 e5 8. Ne2
Be6 9. Ng3 f5 10. Qc2 Qf7 11. d3 Nf6 12. Nd2 Nbd7 13. Be2 Be7 14. O-O O-O 15.
a4 h5 16. Bf3 g5 17. e4 f4 18. Nf5 Bxf5 19. exf5 Ne8 20. d4 Ng7 21. d5 c5 22.
Be4 Qf6 23. Rfb1 Rab8 24. a5 g4 25. Rb5 Bd8 26. Rab1 b6 27. Qa4 Ra8 28. R5b2
Nb8 29. Qc2 Rf7 30. axb6 Rb7 31. Ra2 Rxa2 32. Qxa2 Bxb6 33. Qa8 Qf7 34. Ba5 Qc7
35. Rxb6 Rxb6 36. Bxb6 Qxb6 37. Qa4 Kf7 38. Qb5 Qa7 39. Nb3 Kf6 40. Na5 h4 41.
h3 g3 42. f3 Ke7 43. Qb7+ Qxb7 44. Nxb7 Ne8 45. Bc2 Na6 46. Ba4 Nf6 47. Kf1 Nb4
48. Ke2 Na2 49. Kd3 Nh7 50. Kc2 Nf6 51. Kb2 Nb4 52. Bc2 Nxc2 53. Kxc2 e4 54.
fxe4 Nxe4 55. Kd3 f3 0-1

[Event "8eme Open International de La Fere"]
[Site "La Fere (FRA)"]
[Date "2009.07.09"]
[Round "7.48"]
[White "Lever, Erwan"]
[Black "Belloc, Sidonie"]
[Result "0-1"]
[WhiteElo "1601"]
[BlackElo "1792"]
[PlyCount "106"]
[EventDate "2009.??.??"]

1. d4 d5 2. Nf3 Nf6 3. Bf4 Bf5 4. e3 e6 5. c4 c6 6. Nc3 Be7 7. Qb3 Qb6 8. Qxb6
axb6 9. Be2 O-O 10. Nh4 Bg6 11. Nxg6 hxg6 12. O-O Nbd7 13. a3 Nh5 14. Bxh5 gxh5
15. cxd5 exd5 16. e4 dxe4 17. Nxe4 Nf6 18. Bd6 Bxd6 19. Nxd6 Ra7 20. Rfd1 Rd8
21. Nc4 Nd5 22. g3 b5 23. Ne3 Nf6 24. Rac1 Ra4 25. Nc2 Rc4 26. Rd3 Nd5 27. b3
Rc3 28. Rxc3 Nxc3 29. Kf1 Kf8 30. Ne3 Nd5 31. Rc5 Nf6 32. Nc2 g6 33. f3 Rd5 34.
Ke2 Ke7 35. Kd3 Kd6 36. b4 Rxc5 37. dxc5+ Ke6 38. Nd4+ Kd5 39. Nb3 Nd7 40. f4
Nf6 41. h3 Ne4 42. Na5 Nxg3 43. Nxb7 f6 44. Nd8 g5 45. fxg5 fxg5 46. Ke3 g4 47.
hxg4 hxg4 48. Nf7 Ke6 49. Nd6 Nf5+ 50. Nxf5 Kxf5 51. a4 bxa4 52. b5 cxb5 53. c6
Ke6 0-1

[Event "8eme Open International de La Fere"]
[Site "La Fere (FRA)"]
[Date "2009.07.09"]
[Round "7.49"]
[White "Rouffignac, Marie"]
[Black "Obert, Julien"]
[Result "0-1"]
[WhiteElo "1410"]
[BlackElo "1790"]
[PlyCount "74"]
[EventDate "2009.??.??"]

1. e4 c5 2. Nf3 d6 3. d4 cxd4 4. Nxd4 Nf6 5. Nc3 g6 6. Be3 Bg7 7. Qd2 O-O 8. f3
Nc6 9. Bc4 Bd7 10. O-O-O Ne5 11. Bb3 Qa5 12. h4 Rfc8 13. g4 Nc4 14. Bxc4 Rxc4
15. h5 Rac8 16. hxg6 hxg6 17. Nb3 Qa6 18. e5 Rxc3 19. bxc3 Ne8 20. exd6 Bxc3
21. Qxc3 Rxc3 22. Bd4 Rxc2+ 23. Kxc2 e5 24. Bc3 Qxa2+ 25. Bb2 Qa6 26. Rh2 Qc4+
27. Bc3 Ba4 28. Rb1 Nxd6 29. Rd2 Nb5 30. Rd8+ Kg7 31. Rd3 Nd4+ 32. Kd2 Nxb3+
33. Ke3 Qf4+ 34. Ke2 Nc1+ 35. Rxc1 Qxc1 36. Bxe5+ f6 37. Rd7+ Bxd7 0-1

[Event "8eme Open International de La Fere"]
[Site "La Fere (FRA)"]
[Date "2009.07.09"]
[Round "7.50"]
[White "Brelot, Loic"]
[Black "Gosset, Hugo"]
[Result "1-0"]
[WhiteElo "1756"]
[BlackElo "1099"]
[PlyCount "79"]
[EventDate "2009.??.??"]

1. d4 d5 2. c4 c6 3. Nc3 Nf6 4. Nf3 Bg4 5. e3 e6 6. cxd5 cxd5 7. Be2 Bb4 8. Qc2
O-O 9. O-O Nc6 10. Bd2 Re8 11. a3 Bxc3 12. bxc3 Ne4 13. Rfc1 Bf5 14. Bd3 Qf6
15. c4 Nxd2 16. Nxd2 Bxd3 17. Qxd3 Rad8 18. cxd5 exd5 19. Rab1 b6 20. Rc2 Re6
21. Rbc1 Rdd6 22. Qb5 h6 23. Qa4 Qg6 24. Nf3 Ne7 25. Ne5 Qf5 26. Rc7 Rf6 27.
Qe8+ Kh7 28. Nf3 Ng6 29. Rc8 Nh4 30. Qh8+ Kg6 31. Nxh4+ Kh5 32. Nxf5 Rxf5 33.
h3 Kh4 34. R1c6 Rxc6 35. Rxc6 h5 36. Qxg7 Rg5 37. Qxf7 b5 38. Qe7 a5 39. Rg6 a4
40. Qxg5# 1-0

[Event "8eme Open International de La Fere"]
[Site "La Fere (FRA)"]
[Date "2009.07.09"]
[Round "7.51"]
[White "Parent, Henri"]
[Black "Wolfangel, Claude"]
[Result "1-0"]
[WhiteElo "1600"]
[BlackElo "1757"]
[PlyCount "61"]
[EventDate "2009.??.??"]

1. d4 d5 2. c4 e6 3. Bf4 Bd6 4. Bxd6 Qxd6 5. Qc2 Nf6 6. c5 Qe7 7. e3 Bd7 8. Nf3
Nc6 9. Be2 O-O 10. O-O e5 11. Re1 e4 12. Nfd2 Rfe8 13. a3 a5 14. Nc3 Ng4 15.
Nxd5 Qd8 16. Nc3 Qh4 17. Bxg4 Bxg4 18. Ndxe4 Bf5 19. f3 Re6 20. Qf2 Rh6 21.
Qxh4 Rxh4 22. Ng3 Bd3 23. Nd5 Rd8 24. Red1 Bc4 25. Nxc7 Rc8 26. d5 Ne5 27. d6
Bb3 28. Nf5 Bxd1 29. Rxd1 Ng6 30. Ne7+ Nxe7 31. dxe7 1-0

[Event "8eme Open International de La Fere"]
[Site "La Fere (FRA)"]
[Date "2009.07.09"]
[Round "7.52"]
[White "Woyave, Pascal"]
[Black "Rech, Thomas"]
[Result "1-0"]
[WhiteElo "1630"]
[BlackElo "1290"]
[PlyCount "55"]
[EventDate "2009.??.??"]

1. c4 e5 2. Nc3 Nf6 3. Nf3 Nc6 4. d3 h6 5. g3 Bc5 6. Bg2 d6 7. O-O Bg4 8. a3
O-O 9. b4 Bd4 10. Nxd4 Nxd4 11. Bxb7 Bxe2 12. Nxe2 Nxe2+ 13. Qxe2 Rb8 14. Bg2
a6 15. Be3 Qd7 16. Qf3 Qa4 17. Bxh6 gxh6 18. Qxf6 Rfe8 19. Bd5 Qd7 20. Qg6+ Kf8
21. Qxh6+ Ke7 22. Qh4+ f6 23. Qh7+ Kd8 24. Qxd7+ Kxd7 25. f4 c6 26. Bg2 Ra8 27.
fxe5 fxe5 28. Rf7+ 1-0

[Event "8eme Open International de La Fere"]
[Site "La Fere (FRA)"]
[Date "2009.07.09"]
[Round "7.53"]
[White "Laufer, Maurice"]
[Black "Tonneau, Bastien"]
[Result "1/2-1/2"]
[WhiteElo "1547"]
[BlackElo "1199"]
[PlyCount "127"]
[EventDate "2009.??.??"]

1. f4 c5 2. Nf3 Nf6 3. e3 Nc6 4. Be2 d6 5. O-O g6 6. d3 Bg7 7. e4 Nd4 8. Nxd4
cxd4 9. Nd2 O-O 10. Nf3 Ng4 11. Qd2 Qc7 12. Rb1 Ne3 13. Rf2 Qxc2 14. Qxc2 Nxc2
15. b3 Nb4 16. a3 Na2 17. Bb2 Nc3 18. Rc1 Nxe2+ 19. Rxe2 e5 20. fxe5 dxe5 21.
a4 Bg4 22. Rf2 Bh6 23. Rc5 Be3 24. Nxe5 Bxf2+ 25. Kxf2 b6 26. Rc7 Rac8 27. Rxc8
Bxc8 28. Bxd4 Rd8 29. Ke3 Rd6 30. h4 f6 31. Nc4 Re6 32. g3 Ba6 33. Nd2 f5 34.
e5 Re7 35. b4 Bb7 36. b5 a6 37. bxa6 Bxa6 38. Nf3 Re6 39. Ng5 Rc6 40. e6 h6 41.
e7 Rc8 42. Ne6 Kf7 43. Nf4 Re8 44. Bxb6 Rxe7+ 45. Kd2 Rb7 46. a5 g5 47. hxg5
hxg5 48. Nd5 Rd7 49. Nb4 Bb7 50. a6 Ba8 51. d4 f4 52. gxf4 gxf4 53. Nd3 Rd6 54.
Bc5 Rxa6 55. Nxf4 Rf6 56. Ke3 Rf5 57. Nd3 Rf3+ 58. Kd2 Be4 59. Ne5+ Ke6 60.
Nxf3 Bxf3 61. Ke3 Bd5 62. Kf4 Kd7 63. Ke5 Kc6 64. Kf6 1/2-1/2

[Event "8eme Open International de La Fere"]
[Site "La Fere (FRA)"]
[Date "2009.07.09"]
[Round "7.54"]
[White "Cassol, Robert"]
[Black "Calonne, Pascal"]
[Result "0-1"]
[WhiteElo "1430"]
[BlackElo "1545"]
[PlyCount "120"]
[EventDate "2009.??.??"]

1. f4 Nf6 2. Nf3 d5 3. e3 c5 4. c4 e6 5. Nc3 d4 6. exd4 cxd4 7. Nb5 Nc6 8. d3
a6 9. Na3 Bb4+ 10. Bd2 Bxd2+ 11. Qxd2 O-O 12. Be2 Re8 13. Nc2 Qb6 14. b4 Qd8
15. O-O Nd7 16. a4 e5 17. fxe5 Ndxe5 18. Ng5 f6 19. Ne4 Qc7 20. c5 Bg4 21. Nd6
Re7 22. h3 Bxe2 23. Qxe2 Nf7 24. Qh5 Nxd6 25. cxd6 Qxd6 26. b5 Ne5 27. Ne1 axb5
28. Rc1 bxa4 29. Qf5 Ng6 30. Rc8+ Rxc8 31. Qxc8+ Kf7 32. Qc4+ Qe6 33. Qxe6+
Rxe6 34. Nf3 Rd6 35. Ng5+ Kg8 36. Ne4 Rd5 37. Ra1 b5 38. Rc1 Ne7 39. Rc7 Kf8
40. Rb7 Nc6 41. Rc7 Ne5 42. Nc5 Rd6 43. Rb7 a3 44. Rb8+ Kf7 45. Rxb5 Rc6 46.
Rb7+ Kg6 47. Ne4 a2 48. Ra7 Rc2 49. Kh2 Nxd3 50. h4 Nf4 51. Kg3 Nh5+ 52. Kf3 d3
53. g4 d2 54. gxh5+ Kxh5 55. Rxg7 d1=Q+ 56. Kf4 Qc1+ 57. Kf5 Qf1+ 58. Ke6 Kh6
59. Rf7 Qc4+ 60. Kxf6 Qxe4 0-1

[Event "8eme Open International de La Fere"]
[Site "La Fere (FRA)"]
[Date "2009.07.09"]
[Round "7.55"]
[White "Pruvost, Loic"]
[Black "Remy, Camille"]
[Result "0-1"]
[WhiteElo "1420"]
[BlackElo "1500"]
[PlyCount "98"]
[EventDate "2009.??.??"]

1. e4 e5 2. Nf3 Nc6 3. Bc4 Bc5 4. c3 Nf6 5. d4 exd4 6. cxd4 Bb4+ 7. Nc3 Nxe4 8.
O-O Bxc3 9. bxc3 Nd6 10. Qb3 Nxc4 11. Qxc4 d5 12. Qe2+ Ne7 13. Qb5+ c6 14. Qd3
O-O 15. Ng5 Bf5 16. Nh3 Bxh3 17. Qxh3 Qc8 18. Qg3 Ng6 19. Ba3 Re8 20. Rae1 Rxe1
21. Rxe1 Qd7 22. Qd6 Qxd6 23. Bxd6 Rd8 24. Bc7 Rc8 25. Bd6 h6 26. Bc5 Nf4 27.
Bxa7 Ra8 28. Bc5 Nd3 29. Re2 Nxc5 30. dxc5 Ra3 31. Rc2 g5 32. f3 Kg7 33. Kf2
Kg6 34. g4 f5 35. Kg3 Ra5 36. Re2 Kf6 37. Rb2 Rxc5 38. Rxb7 Rxc3 39. Rh7 Kg6
40. Rd7 fxg4 41. Rd6+ Kh5 42. Kf2 gxf3 43. Rd8 g4 44. a4 Rc2+ 45. Ke3 f2 46.
Rf8 d4+ 47. Kd3 Ra2 48. Kxd4 Kh4 49. Kc5 g3 0-1

[Event "8eme Open International de La Fere"]
[Site "La Fere (FRA)"]
[Date "2009.07.09"]
[Round "7.56"]
[White "Landon, Boris"]
[Black "Deblock, Gilbert"]
[Result "1-0"]
[WhiteElo "1390"]
[BlackElo "1499"]
[PlyCount "123"]
[EventDate "2009.??.??"]

1. d4 d5 2. h3 e6 3. a3 Nf6 4. Nc3 c6 5. Nf3 Be7 6. Bf4 Nbd7 7. e3 c5 8. Bb5
O-O 9. Ne5 Nb6 10. Ng4 Nh5 11. Bh2 a6 12. Be2 Nd7 13. Ne5 Bf6 14. Bxh5 Bxe5 15.
dxe5 b6 16. O-O Bb7 17. Bf3 c4 18. b3 b5 19. a4 b4 20. Ne2 a5 21. bxc4 Rc8 22.
cxd5 Nc5 23. c3 b3 24. Nd4 exd5 25. Nxb3 Ne6 26. Qe1 Ng5 27. Bg4 Rxc3 28. Qxc3
Ne4 29. Qxa5 Qe7 30. f4 f5 31. exf6 Nxf6 32. Rae1 Nxg4 33. hxg4 h6 34. Nd4 Qe4
35. Qb6 Bc8 36. f5 Rf6 37. Qd8+ Kh7 38. Qxc8 Qxg4 39. Rf4 Qh5 40. Ref1 Qf7 41.
Ne2 Qe7 42. R4f3 Qa7 43. Qc2 Qd7 44. Nd4 Qb7 45. Be5 Qb6 46. Bxf6 Qxf6 47. Qc5
h5 48. Qxd5 h4 49. Rh3 Qh6 50. Qe4 Kh8 51. Rxh4 Qxh4 52. Qxh4+ Kg8 53. Qg5 Kf8
54. Ne6+ Ke8 55. Qg6+ Kd7 56. Rd1+ Kc6 57. Nxg7+ Kc5 58. Qd6+ Kc4 59. Qc6+ Kb3
60. Rb1+ Ka3 61. Qb5 Ka2 62. Qb2# 1-0

[Event "8eme Open International de La Fere"]
[Site "La Fere (FRA)"]
[Date "2009.07.09"]
[Round "7.57"]
[White "Duquenne, Eddy"]
[Black "Degraeve, Remy"]
[Result "1-0"]
[WhiteElo "1499"]
[BlackElo "1009"]
[PlyCount "67"]
[EventDate "2009.??.??"]

1. d4 d5 2. c4 dxc4 3. Nc3 Nc6 4. Nf3 Bg4 5. e3 Nf6 6. Bxc4 e6 7. Be2 e5 8. O-O
e4 9. Nd2 Bxe2 10. Qxe2 Bb4 11. Nb3 Bxc3 12. bxc3 O-O 13. Nd2 Qd6 14. Nc4 Qd5
15. f4 Qb5 16. Re1 Nd5 17. Bd2 Rae8 18. Ne5 Qxe2 19. Rxe2 Nxe5 20. fxe5 h6 21.
c4 Ne7 22. Bb4 a5 23. Ba3 Rd8 24. Bxe7 Rfe8 25. Bxd8 Rxd8 26. Rc1 Rb8 27. Kf2
b5 28. cxb5 Rxb5 29. Rxc7 Rb8 30. Rec2 h5 31. Ra7 Rb5 32. a4 Rd5 33. Rcc7 Kh7
34. Rxf7 1-0

[Event "8eme Open International de La Fere"]
[Site "La Fere (FRA)"]
[Date "2009.07.09"]
[Round "7.58"]
[White "Brugge, Rodolphe"]
[Black "Nesztler, Lambert"]
[Result "1-0"]
[WhiteElo "1220"]
[BlackElo "1499"]
[PlyCount "81"]
[EventDate "2009.??.??"]

1. c4 e6 2. Nc3 Nf6 3. Nf3 Nc6 4. g3 g6 5. Bg2 Bg7 6. O-O O-O 7. d3 b6 8. Ne5
Bb7 9. Nxc6 Bxc6 10. e4 Rb8 11. Bg5 h6 12. Bf4 Bb7 13. Nb5 d5 14. Bxc7 Qd7 15.
Bxb8 Rxb8 16. Nxa7 dxe4 17. dxe4 Qxd1 18. Raxd1 Bxe4 19. Bxe4 Nxe4 20. Rfe1 Ng5
21. Nc6 Rb7 22. Rd8+ Kh7 23. Rb8 Nf3+ 24. Kf1 Nxe1 25. Rxb7 Nf3 26. Rxb6 Nxh2+
27. Kg2 Ng4 28. Ne7 Nxf2 29. Kxf2 Bd4+ 30. Kf3 Bxb6 31. b4 Bd4 32. Nc6 Bb2 33.
b5 Ba3 34. Ke4 Kg7 35. Kd4 h5 36. b6 Bb2+ 37. Kc5 Kf8 38. b7 Ke8 39. b8=Q+ Kd7
40. Qb7+ Ke8 41. Qe7# 1-0

[Event "8eme Open International de La Fere"]
[Site "La Fere (FRA)"]
[Date "2009.07.09"]
[Round "7.59"]
[White "Bouguettouche, Didier"]
[Black "Henon, Alexandre"]
[Result "1-0"]
[WhiteElo "1460"]
[BlackElo "1030"]
[PlyCount "63"]
[EventDate "2009.??.??"]

1. e4 f6 2. Bc4 Nh6 3. d3 Nc6 4. Qf3 d6 5. Bxh6 gxh6 6. Qh5+ Kd7 7. Qf7 Qe8 8.
Qxe8+ Kxe8 9. Nf3 Bg4 10. Nbd2 Bxf3 11. Nxf3 Rg8 12. O-O Ne5 13. Nxe5 dxe5 14.
Bxg8 Bg7 15. Bxh7 Kf7 16. f4 Rh8 17. Bf5 e6 18. Bh3 b5 19. fxe5 Rh7 20. Rf2 h5
21. Raf1 Bh6 22. Rxf6+ Ke7 23. Rxe6+ Kd8 24. Ra6 Be3+ 25. Kh1 h4 26. e6 Rg7 27.
Rf5 Bd4 28. Rxb5 Bxb2 29. Rxb2 Re7 30. Rxa7 Rxe6 31. Bxe6 c5 32. Rb8# 1-0

[Event "8eme Open International de La Fere"]
[Site "La Fere (FRA)"]
[Date "2009.07.09"]
[Round "7.60"]
[White "Jacob, Guillaume"]
[Black "Legrand, Jean-Pierre"]
[Result "0-1"]
[WhiteElo "1150"]
[BlackElo "1530"]
[PlyCount "109"]
[EventDate "2009.??.??"]

1. d4 d5 2. c4 c6 3. e3 Nf6 4. Bd3 dxc4 5. Bxc4 Qa5+ 6. Bd2 Qg5 7. g3 Ne4 8.
Nf3 Qh5 9. Nc3 Nd6 10. Bd3 Bg4 11. Be2 Nd7 12. h3 Nf6 13. Ne5 Bxe2 14. Qxe2
Qxe2+ 15. Nxe2 Nfe4 16. Bb4 a5 17. f3 Nf6 18. Bxd6 exd6 19. Nc4 b5 20. Nd2 Nd5
21. e4 Nb4 22. O-O Be7 23. a3 Na6 24. b4 axb4 25. axb4 Kd7 26. d5 Nxb4 27.
dxc6+ Nxc6 28. Rxa8 Rxa8 29. Nb3 Bf6 30. Rd1 Ke7 31. Nbd4 Nxd4 32. Nxd4 Ra1 33.
Nf5+ Kd7 34. Rxa1 Bxa1 35. Kg2 b4 36. Ne3 b3 37. Nc4 Bd4 38. Nd2 b2 39. f4 Ke6
40. f5+ Kd7 41. Kf3 f6 42. g4 Kc6 43. h4 Kb5 44. Ke2 Kb4 45. Kd1 Kc3 46. Nb1+
Kd3 47. Nd2 Be5 48. h5 Bf4 49. Nb1 Kxe4 50. Kc2 Be5 51. Nd2+ Kf4 52. Nf1 Kxg4
53. Ne3+ Kxh5 54. Nd5 Kg5 55. Ne7 0-1

[Event "8eme Open International de La Fere"]
[Site "La Fere (FRA)"]
[Date "2009.07.09"]
[Round "7.61"]
[White "Ruhant, Anthony"]
[Black "Biellmann, Patrick"]
[Result "1-0"]
[WhiteElo "1648"]
[BlackElo "1310"]
[PlyCount "81"]
[EventDate "2009.??.??"]

1. e4 c6 2. d4 d5 3. e5 Bf5 4. Nd2 e6 5. g3 Bb4 6. c3 Ba5 7. Bg2 f6 8. Ngf3 Nd7
9. Qe2 Ne7 10. O-O O-O 11. Nb3 Ng6 12. exf6 gxf6 13. Re1 Bc7 14. Bh6 Re8 15.
Qd2 Bd6 16. Re2 Bf8 17. Rae1 Bxh6 18. Qxh6 Ndf8 19. Bh3 Bxh3 20. Qxh3 b6 21.
Re3 Qd7 22. Nh4 Qf7 23. f4 f5 24. Nf3 Qg7 25. Kf2 h6 26. Nh4 Nxh4 27. gxh4 h5
28. Rg3 Ng6 29. Reg1 Kh8 30. Rxg6 Qc7 31. Qf3 Qh7 32. R6g5 Re7 33. Rxh5 Qxh5
34. Qxh5+ Rh7 35. Qg6 Rd7 36. Qxe6 Rg7 37. Qf6 Rag8 38. Rg5 Rf8 39. Qxf8+ Kh7
40. Rh5+ Kg6 41. Qxf5# 1-0

[Event "8eme Open International de La Fere"]
[Site "La Fere (FRA)"]
[Date "2009.07.09"]
[Round "7.62"]
[White "Brugge, Alexandre"]
[Black "Vernede, Simon"]
[Result "0-1"]
[WhiteElo "1010"]
[BlackElo "1099"]
[PlyCount "92"]
[EventDate "2009.??.??"]

1. d3 e5 2. Nf3 Nc6 3. g3 Nf6 4. Bg2 Bb4+ 5. Nc3 O-O 6. O-O Bxc3 7. bxc3 d5 8.
Bb2 d4 9. cxd4 Nxd4 10. Nxd4 exd4 11. c3 c5 12. cxd4 cxd4 13. e3 Qb6 14. exd4
Qxb2 15. Qb3 Qxb3 16. axb3 a6 17. d5 Bf5 18. Rad1 Rad8 19. Rfe1 Nxd5 20. Bxd5
Rxd5 21. Re3 h6 22. f3 Rfd8 23. g4 Bxd3 24. Kf2 Bb5 25. Ke1 Rxd1+ 26. Kf2 R8d2+
27. Kg3 Rd5 28. f4 g5 29. h4 gxf4+ 30. Kxf4 Rf1+ 31. Ke4 Rd7 32. g5 Re7+ 33.
Kd4 Rxe3 34. Kxe3 hxg5 35. hxg5 Kg7 36. Kd4 Kg6 37. Kc5 Kxg5 38. Kb6 f5 39.
Kxb7 f4 40. b4 f3 41. Ka7 Rh1 42. Kb7 f2 43. Kc7 Rh7+ 44. Kd8 f1=R 45. Kc8 Rb7
46. Kd8 Rf8# 0-1

[Event "8eme Open International de La Fere"]
[Site "La Fere (FRA)"]
[Date "2009.07.09"]
[Round "7.63"]
[White "Tonneau, Antoine"]
[Black "Rousseaux, Stephane"]
[Result "1-0"]
[WhiteElo "1099"]
[BlackElo "1099"]
[PlyCount "59"]
[EventDate "2009.??.??"]

1. d4 f6 2. e3 d6 3. Bb5+ c6 4. Be2 Nd7 5. Nf3 c5 6. O-O Nb6 7. a4 a5 8. Qe1
Bf5 9. Bd1 Qd7 10. Qe2 Qc7 11. Nc3 Qd7 12. Nh4 Be6 13. Qd3 Kf7 14. Bf3 Rb8 15.
e4 g6 16. Bf4 Rc8 17. dxc5 Rd8 18. cxb6 d5 19. exd5 Qxd5 20. Nxd5 f5 21. Rab1
Bxd5 22. Bxd5+ e6 23. Bg5 Re8 24. Bxb7 h6 25. Bf4 e5 26. Be3 e4 27. Qd4 Rh7 28.
Bd5+ Ke7 29. b4 axb4 30. Rxb4 1-0

[Event "8eme Open International de La Fere"]
[Site "La Fere (FRA)"]
[Date "2009.07.09"]
[Round "7.64"]
[White "Rousseaux, Dorian"]
[Black "Degraeve, Thomas"]
[Result "0-1"]
[WhiteElo "1009"]
[BlackElo "1009"]
[PlyCount "30"]
[EventDate "2009.??.??"]

1. d3 e5 2. e3 d5 3. Qh5 Nf6 4. Qf3 Bc5 5. d4 exd4 6. Bd3 dxe3 7. Qxe3+ Bxe3 8.
fxe3 Nc6 9. Na3 O-O 10. Nf3 Bg4 11. Ng1 Ne4 12. Bd2 Nxd2 13. Kxd2 Qg5 14. Rf1
d4 15. Ke1 Qxe3+ 0-1

[Event "8eme Open International de La Fere"]
[Site "La Fere (FRA)"]
[Date "2009.07.10"]
[Round "8.2"]
[White "Schmidt, Raul"]
[Black "Manolache, Marius"]
[Result "1/2-1/2"]
[WhiteElo "2377"]
[BlackElo "2479"]
[PlyCount "59"]
[EventDate "2009.??.??"]

1. e4 e5 2. Nf3 Nc6 3. Bb5 a6 4. Ba4 Nf6 5. O-O Be7 6. Re1 b5 7. Bb3 O-O 8. c3
d5 9. exd5 Nxd5 10. Nxe5 Nxe5 11. Rxe5 c6 12. d4 Bd6 13. Re1 Qh4 14. g3 Qh3 15.
Re4 g5 16. Qf1 Qh5 17. Nd2 Bf5 18. f3 Nf6 19. Qg2 Qg6 20. Re3 Rae8 21. Ne4 Nxe4
22. g4 Ng3 23. hxg3 Bb1 24. Bd2 Rxe3 25. Bxe3 Re8 26. Qd2 h6 27. a4 Bxg3 28. d5
Qd3 29. Qxd3 Bxd3 30. Bd4 1/2-1/2

[Event "8eme Open International de La Fere"]
[Site "La Fere (FRA)"]
[Date "2009.07.10"]
[Round "8.27"]
[White "Feryn, Benjamin"]
[Black "Tawegoum, Ivan"]
[Result "1-0"]
[WhiteElo "1954"]
[BlackElo "1490"]
[PlyCount "57"]
[EventDate "2009.??.??"]

1. e4 e5 2. Nc3 Bc5 3. Bc4 Nf6 4. d3 h6 5. f4 Nc6 6. Nf3 Qe7 7. a3 d6 8. Na4
exf4 9. Nxc5 dxc5 10. Bxf4 Bg4 11. Bb5 Qd7 12. O-O O-O 13. Qd2 a6 14. Bxc6 Qxc6
15. Ne5 Qe6 16. Nxg4 Nxg4 17. Bxc7 Rac8 18. Bf4 Qb6 19. Rab1 c4+ 20. d4 Rfe8
21. h3 Nf6 22. e5 Nd7 23. Kh1 Kh7 24. c3 f6 25. Qc2+ Kh8 26. Qg6 Nf8 27. Qh5
fxe5 28. Bxe5 Nd7 29. Bxg7+ 1-0

[Event "8eme Open International de La Fere"]
[Site "La Fere (FRA)"]
[Date "2009.07.10"]
[Round "8.37"]
[White "Daniel, Antoine"]
[Black "Parent, Henri"]
[Result "1-0"]
[WhiteElo "1835"]
[BlackElo "1600"]
[PlyCount "98"]
[EventDate "2009.??.??"]

1. e4 e5 2. Nf3 Nc6 3. Bc4 Nf6 4. O-O Nxe4 5. Re1 d5 6. d3 Nxf2 7. Nxe5 Qe7 8.
Nxc6 Nxd1 9. Nxe7 Bxe7 10. Bxd5 Bg4 11. Bf3 Bxf3 12. gxf3 Nf2 13. Kxf2 Kd7 14.
Bf4 Rae8 15. Nd2 h5 16. Ne4 h4 17. c3 h3 18. d4 Rh5 19. Ng3 Rh4 20. Bd2 g6 21.
Re4 Reh8 22. Rae1 Bd6 23. Rxh4 Rxh4 24. Re4 Bxg3+ 25. Kxg3 Rh5 26. Rh4 Ra5 27.
a3 Rb5 28. b4 Rf5 29. Rxh3 Ke6 30. c4 Kd7 31. Rh4 a6 32. Rf4 Rg5+ 33. Rg4 Rf5
34. Rg5 Rf6 35. Rd5+ Kc6 36. Bg5 Re6 37. Re5 Rd6 38. Rc5+ Kb6 39. Rxc7 Kxc7 40.
Bf4 Kd7 41. Bxd6 Kxd6 42. Kf4 f6 43. h4 Ke6 44. d5+ Kd6 45. Ke4 b6 46. Kd4 b5
47. c5+ Kd7 48. f4 g5 49. hxg5 fxg5 1-0

[Event "8eme Open International de La Fere"]
[Site "La Fere (FRA)"]
[Date "2009.07.10"]
[Round "8.50"]
[White "Chevance, Gerard"]
[Black "Van Poucke, Guy"]
[Result "1-0"]
[WhiteElo "1709"]
[BlackElo "1190"]
[PlyCount "54"]
[EventDate "2009.??.??"]

1. d4 d5 2. c4 e6 3. Nc3 Nf6 4. Nf3 Be7 5. Bf4 Nc6 6. e3 b6 7. cxd5 exd5 8. h3
Bb7 9. Bb5 h6 10. Qa4 Qd7 11. Ne5 Qe6 12. Bxc6+ Bxc6 13. Qxc6+ Qxc6 14. Nxc6
Ne4 15. Nxd5 Bd6 16. Bxd6 cxd6 17. Nc7+ Kd7 18. Nxa8 Kxc6 19. Rc1+ Kb7 20. Nxb6
axb6 21. O-O Rc8 22. Rxc8 Kxc8 23. Rc1+ Kd7 24. a3 f5 25. a4 g5 26. b4 h5 27.
a5 bxa5 1-0

[Event "8eme Open International de La Fere"]
[Site "La Fere (FRA)"]
[Date "2009.07.10"]
[Round "8.57"]
[White "Vernede, Simon"]
[Black "Lever, Erwan"]
[Result "0-1"]
[WhiteElo "1099"]
[BlackElo "1601"]
[PlyCount "38"]
[EventDate "2009.??.??"]

1. e4 c5 2. Nc3 d6 3. Nf3 Nf6 4. Bb5+ Bd7 5. Bxd7+ Nbxd7 6. O-O g6 7. d3 Bg7 8.
Bg5 a6 9. a3 b5 10. b4 Ng4 11. Qd2 h6 12. Be3 Rc8 13. d4 Qc7 14. Rab1 cxd4 15.
Nxd4 Qxc3 16. Qxc3 Rxc3 17. Rbe1 Nxe3 18. Rxe3 Bxd4 19. Rxc3 Bxc3 0-1

[Event "8eme Open International de La Fere"]
[Site "La Fere (FRA)"]
[Date "2009.07.10"]
[Round "8.16"]
[White "Houriez, Clement"]
[Black "Hutin, Evgueny"]
[Result "1-0"]
[WhiteElo "2314"]
[BlackElo "1919"]
[PlyCount "40"]
[EventDate "2009.??.??"]

1. d4 d5 2. c4 e6 3. Nc3 Nf6 4. cxd5 exd5 5. Bg5 Be7 6. e3 c6 7. Bd3 O-O 8. Qc2
Nbd7 9. Nge2 Re8 10. O-O Ne4 11. Bf4 Nxc3 12. bxc3 Nf6 13. c4 Bd6 14. cxd5 cxd5
15. Rab1 Rb8 16. Rfc1 Bg4 17. Bxd6 Qxd6 18. Qa4 a6 19. Qb4 Qxb4 20. Rxb4 Rec8
1-0

[Event "8eme Open International de La Fere"]
[Site "La Fere (FRA)"]
[Date "2009.07.10"]
[Round "8.32"]
[White "Mestdagh, Franck"]
[Black "Brelot, Loic"]
[Result "1-0"]
[WhiteElo "1937"]
[BlackElo "1756"]
[PlyCount "43"]
[EventDate "2009.??.??"]

1. d4 d5 2. Nf3 c6 3. g3 e6 4. Bg2 Bd6 5. O-O f5 6. c4 Nf6 7. Nc3 O-O 8. Nd2
Nbd7 9. f3 Qe8 10. e4 fxe4 11. fxe4 dxe4 12. Ndxe4 Bc7 13. b3 Nxe4 14. Rxf8+
Qxf8 15. Nxe4 Nf6 16. Bb2 Nxe4 17. Bxe4 Qd6 18. Qh5 g6 19. Bxg6 hxg6 20. Qxg6+
Kh8 21. Rf1 Bd7 22. Rf7 1-0

[Event "8eme Open International de La Fere"]
[Site "La Fere (FRA)"]
[Date "2009.07.10"]
[Round "8.51"]
[White "Durot, Edwige"]
[Black "Laufer, Maurice"]
[Result "1-0"]
[WhiteElo "1741"]
[BlackElo "1547"]
[PlyCount "73"]
[EventDate "2009.??.??"]

1. e4 Nf6 2. Nc3 d5 3. exd5 Nxd5 4. Bc4 Nxc3 5. Qf3 Be6 6. Bxe6 fxe6 7. Qxc3
Nc6 8. Nf3 Qd7 9. d3 O-O-O 10. Be3 Rg8 11. O-O-O g6 12. Qa3 Kb8 13. Ne5 Qd6 14.
Nxc6+ Qxc6 15. Qxa7+ Kc8 16. f3 Bg7 17. Qa3 Kd7 18. Bg5 Bf6 19. Bxf6 exf6 20.
Rhe1 Ra8 21. Qb3 Rge8 22. a3 Ra6 23. Re2 Rb6 24. Qc4 Qd6 25. h3 e5 26. d4 e4
27. fxe4 Qf4+ 28. Kb1 Qd6 29. Qc5 Qg3 30. Rd3 Qh4 31. Rc3 Qf4 32. Rf2 Qxe4 33.
Qxc7+ Ke6 34. Qxb6+ Kf7 35. Rc7+ Kg8 36. Qb3+ Kh8 37. Qf7 1-0

[Event "8eme Open International de La Fere"]
[Site "La Fere (FRA)"]
[Date "2009.07.10"]
[Round "8.40"]
[White "Siegfried, Francois"]
[Black "Molet, Asher"]
[Result "0-1"]
[WhiteElo "1360"]
[BlackElo "1900"]
[PlyCount "41"]
[EventDate "2009.??.??"]

1. d4 d5 2. c4 e6 3. Nf3 Nf6 4. e3 c6 5. Nc3 Bd6 6. Bd3 Nbd7 7. O-O O-O 8. cxd5
exd5 9. Re1 Re8 10. Bd2 Ne4 11. Qc2 Ndf6 12. h3 Bf5 13. Nh4 Bd7 14. Nf3 Qe7 15.
Bf1 Rad8 16. Rac1 Bb8 17. Qd1 Qd6 18. Re2 Nh5 19. Be1 Ng5 20. Rcc2 Nxf3+ 21.
gxf3 0-1